| 000 | 00718nam a2200241Ia 4500 | ||
|---|---|---|---|
| 003 | GCL | ||
| 008 | 140319s9999 xx 000 0 ara d | ||
| 040 |
_aGCL / _cGCL |
||
| 082 | 0 | 4 |
_aق _b309.162 _bا ا |
| 100 | 1 | _aابراهيم عامر | |
| 245 | 1 | 0 |
_aالارض والفلاح المسألة الزراعية فى مصر / _cابراهيم عامر |
| 300 | _a261 ص | ||
| 490 | _a | ||
| 650 | 0 | 4 | _aمصر |
| 650 | 0 | 4 | _aتاريخ |
| 650 | 0 | 4 | _aالاحوال الاجتماعية |
| 650 | 0 | 4 | _aالزراعة |
| 650 | 0 | 4 | _aالاصلاح الزراعى |
| 650 | 0 | 4 | _aقوانين وتشريعات |
| 650 | 0 | 4 | _aالاحوال الريفية |
| 650 | 0 | 4 | _aملكية الاراضى |
| 942 |
_2ddc _cBK |
||
| 999 |
_c39314 _d39314 |
||